Culture générale ! Une image... Un des... (9) - Statistiques

Statistiques générales
  • Ce quiz a été pris 83 fois
  • Le résultat moyen est 5 sur 20
Statistiques - réponses
Par images Hint Réponse % Correct
légumes radis
89%
10 plus beaux drapeaux du monde (pays) Islande
60%
objets utilisés pour un culte calice
52%
hôtels les plus célèbres du monde Ritz
49%
types de boites aux lettres (payas) Royaume-Uni
47%
communes de l'Hérault La Grande-Motte
41%
meubles pouf
34%
signes de feu sagittaire
32%
auteurs d'un tableau consacré à la danse Henri Matisse
26%
types de casque heaume
23%
peintres espagnols Francisco Goya
21%
races de cheva camarguais
19%
serpents les plus dangereux Mamba noir
12%
monuments préférés des Français (ville) Nancy
10%
types de chapeau chapeau claque
7%
sportifs français les plus médaillés aux JO Franck Piccard
3%
académiciennes françaises Jacqueline de Romilly
3%
dollars du monde (pays) Jamaïque
1%
types de croix pattée
0%
des maréchaux de France Pierre Koenig
0%
Aucun quiz correspondant
Distribution des résultats
% des personnes avec chaque résultat
Percentile par nombre de réponses
Votre historique - résultats
Vous n’avez pas pris ce quiz